[Event "Rhein Main op-A 21st"]
[Site "Bad Homburg"]
[Date "2018.05.30"]
[Round "1"]
[White "Stork, Oliver"]
[Black "Guth, Wolf Dietrich"]
[Result "1-0"]
[WhiteElo "2157"]
[BlackElo "1961"]
[PlyCount "51"]
[EventDate "2018.05.30"]
[EventType "swiss"]
[EventRounds "7"]
[EventCountry "GER"]
[SourceTitle "EXT 2019"]
[Source "ChessBase"]
[SourceDate "2018.10.10"]
[SourceVersion "1"]
[SourceVersionDate "2018.10.10"]
[SourceQuality "1"]

1. c4 Nf6 2. g3 g6 3. Bg2 Bg7 4. Nc3 0-0 5. Nf3 d6 6. 0-0 c6 7. d4 d5 8. cxd5 cxd5 9. Ne5 Nbd7 10. Bf4 Nb6 11. a4 Nh5 12. a5 Nxf4 13. gxf4 Nc4 14. Nxd5 Be6 15. Nc3 Nxa5 16. Qa4 b6 17. Bxa8 Qxa8 18. d5 Bh3 19. Rfd1 Qc8 20. Rd3 h5 21. b4 h4 22. bxa5 f6 23. Rxh3 Qxh3 24. Nd3 f5 25. f3 Bxc3 26. Nf2 1-0

[Event "Rhein Main op-A 20th"]
[Site "Bad Homburg"]
[Date "2017.06.18"]
[Round "7"]
[White "Hess, Steffen"]
[Black "Guth, Wolf Dietrich"]
[Result "1/2-1/2"]
[WhiteElo "2046"]
[BlackElo "1961"]
[PlyCount "101"]
[EventDate "2017.06.14"]
[EventType "swiss"]
[EventRounds "7"]
[EventCountry "GER"]
[SourceTitle "EXT 2018"]
[Source "ChessBase"]
[SourceDate "2017.10.13"]
[SourceVersion "1"]
[SourceVersionDate "2017.10.13"]
[SourceQuality "1"]

1. d4 d5 2. Nf3 Nf6 3. e3 g6 4. c4 Bg7 5. b3 0-0 6. Bb2 c6 7. Bd3 Nbd7 8. Nbd2 e5 9. Nxe5 Nxe5 10. dxe5 Ng4 11. Nf3 Qa5+ 12. Ke2 dxc4 13. Bxc4 Nxe5 14. Nxe5 Bxe5 15. Bxe5 Qxe5 16. Qd4 Qg5 17. h4 Qg4+ 18. Qxg4 Bxg4+ 19. f3 Bc8 20. Rhd1 b5 21. Bd3 Be6 22. Rac1 Rac8 23. Rc5 a5 24. Rdc1 a4 25. bxa4 Ra8 26. axb5 cxb5 27. R1c2 Bxa2 28. Rxb5 Ra3 29. Rbc5 Rd8 30. R2c3 Ra7 31. Rc7 Ra4 32. Bc4 Bxc4+ 33. R3xc4 Ra2+ 34. Rc2 Ra1 35. Rc8 Rxc8 36. Rxc8+ Kg7 37. Kf2 Ra2+ 38. Kg3 Rb2 39. Rc7 Rb6 40. f4 Ra6 41. Kf3 Ra3 42. g4 h6 43. Rc5 Rb3 44. g5 h5 45. f5 gxf5 46. Rxf5 Rb4 47. Rf4 Rb1 48. e4 Rb3+ 49. Kg2 Rb4 50. Kg3 Ra4 51. Kf3 1/2-1/2

[Event "Karl Mala Memorial op-A 16th"]
[Site "Frankfurt"]
[Date "2013.07.14"]
[Round "6"]
[White "Wachsmann, Dietmar"]
[Black "Guth, Wolf Dietrich"]
[Result "0-1"]
[WhiteElo "1710"]
[BlackElo "1973"]
[PlyCount "100"]
[EventDate "2013.07.11"]
[EventType "swiss"]
[EventRounds "7"]
[EventCountry "GER"]
[SourceTitle "EXT 2014"]
[Source "ChessBase"]
[SourceDate "2013.11.20"]
[SourceVersion "1"]
[SourceVersionDate "2013.11.20"]
[SourceQuality "1"]

1. e4 c5 2. Nc3 Nc6 3. f4 d6 4. Nf3 g6 5. Bc4 Bg7 6. 0-0 Nf6 7. d3 Bg4 8. h3 Bxf3 9. Qxf3 Nd7 10. Qf2 0-0 11. f5 Bd4 12. Be3 Nde5 13. fxg6 hxg6 14. Bxd4 Nxd4 15. Nd5 Rb8 16. Qh4 Kg7 17. Nxe7 f6 18. Nd5 Nxc2 19. Nf4 Nd4 20. Rf2 f5 21. Qxd8 Rbxd8 22. exf5 Rxf5 23. Raf1 Rxf4 24. Rxf4 Ne2+ 25. Kh2 Nxf4 26. Rxf4 d5 27. Bb3 Nxd3 28. Rf1 Nxb2 29. Re1 c4 30. Rb1 cxb3 31. Rxb2 Rd7 32. Rxb3 d4 33. Kg3 Kf6 34. Kf4 d3 35. Rb1 b5 36. Ke3 d2 37. Rd1 Ke5 38. g3 b4 39. Rxd2 Rxd2 40. Kxd2 Ke4 41. Ke2 a5 42. h4 a4 43. g4 b3 44. axb3 a3 45. h5 gxh5 46. gxh5 a2 47. h6 a1Q 48. b4 Qb2+ 49. Kf1 Kf3 50. b5 Qb1# 0-1

[Event "Rhein Main op-A 16th"]
[Site "Bad Homburg"]
[Date "2013.06.01"]
[Round "6"]
[White "Biegel, Thomas"]
[Black "Guth, Wolf Dietrich"]
[Result "0-1"]
[WhiteElo "2090"]
[BlackElo "1973"]
[PlyCount "56"]
[EventDate "2013.05.29"]
[EventType "swiss"]
[EventRounds "7"]
[EventCountry "GER"]
[SourceTitle "EXT 2014"]
[Source "ChessBase"]
[SourceDate "2013.11.20"]
[SourceVersion "1"]
[SourceVersionDate "2013.11.20"]
[SourceQuality "1"]

1. d4 d5 2. Nf3 Nf6 3. c4 e6 4. g3 Be7 5. Bg2 0-0 6. 0-0 dxc4 7. Qc2 a6 8. Qxc4 b5 9. Qc2 Bb7 10. Bd2 Be4 11. Qb3 c5 12. dxc5 Nbd7 13. c6 Bxc6 14. Be3 Rc8 15. Nc3 Ng4 16. Bd2 Nc5 17. Qd1 b4 18. Nb1 Ne4 19. Be3 Nxe3 20. Qxd8 Rfxd8 21. fxe3 Bf6 22. Nd4 Rxd4 23. Rxf6 Nxf6 24. exd4 Bxg2 25. Kxg2 Rc1 26. Kf3 Nd5 27. Ke4 Rd1 28. Ke5 Ne3 0-1

[Event "Karl Mala Memorial op 15th"]
[Site "Frankfurt"]
[Date "2012.07.08"]
[Round "6"]
[White "Guth, Wolf Dietrich"]
[Black "Tischer, Christian Janek"]
[Result "1-0"]
[WhiteElo "1996"]
[BlackElo "1666"]
[PlyCount "59"]
[EventDate "2012.07.05"]
[EventType "swiss"]
[EventRounds "7"]
[EventCountry "GER"]
[SourceTitle "CBM 149 Extra"]
[Source "ChessBase"]
[SourceDate "2012.08.24"]
[SourceVersion "1"]
[SourceVersionDate "2012.08.24"]
[SourceQuality "1"]

1. d4 f5 2. c4 Nf6 3. Nc3 g6 4. g3 Bg7 5. Bg2 0-0 6. Nf3 d6 7. 0-0 Qe8 8. d5 c6 9. Rb1 a5 10. Na4 Ra6 11. a3 Bd7 12. Nc3 h6 13. b4 axb4 14. axb4 f4 15. b5 Ra7 16. bxc6 bxc6 17. Bxf4 Ng4 18. Bd2 cxd5 19. Nxd5 Bf5 20. Rb5 e6 21. Ne3 Ra1 22. Qb3 Rxf1+ 23. Kxf1 Nxe3+ 24. Bxe3 Nc6 25. Qa3 Ne5 26. Nxe5 Bxe5 27. Bxh6 Rf7 28. Be3 d5 29. f4 dxc4 30. Rxe5 1-0

[Event "Karl Mala Memorial op 15th"]
[Site "Frankfurt"]
[Date "2012.07.08"]
[Round "7"]
[White "Schellen, Sven"]
[Black "Guth, Wolf Dietrich"]
[Result "0-1"]
[WhiteElo "1793"]
[BlackElo "1996"]
[PlyCount "82"]
[EventDate "2012.07.05"]
[EventType "swiss"]
[EventRounds "7"]
[EventCountry "GER"]
[SourceTitle "CBM 149 Extra"]
[Source "ChessBase"]
[SourceDate "2012.08.24"]
[SourceVersion "1"]
[SourceVersionDate "2012.08.24"]
[SourceQuality "1"]

1. d4 d5 2. c4 e6 3. Nc3 Nf6 4. Nf3 Nbd7 5. Qc2 c6 6. Bf4 Bb4 7. Nd2 Nh5 8. Bg3 f5 9. e3 Nxg3 10. hxg3 Nf6 11. c5 Ne4 12. Nb3 a5 13. Bd3 a4 14. Nc1 a3 15. Bxe4 fxe4 16. Qb3 axb2 17. Qxb2 Qa5 18. N1e2 0-0 19. 0-0 e5 20. Rfb1 Bxc3 21. Qxc3 Qxc3 22. Nxc3 exd4 23. exd4 Ra7 24. a4 Bf5 25. Rb6 Re8 26. Nd1 Bg4 27. Ne3 Bc8 28. a5 Kf7 29. a6 Re7 30. Kh2 Re6 31. axb7 Rh6+ 32. Kg1 Rxa1+ 33. Nf1 Bxb7 34. Rxb7+ Kf6 35. Rc7 Kf5 36. Rxg7 Rd1 37. Rf7+ Kg6 38. Rc7 Kh5 39. Rg7 Re6 40. Rxh7+ Kg6 41. Rh4 Rf6 0-1

[Event "Karl Mala Memorial op 15th"]
[Site "Frankfurt"]
[Date "2012.07.07"]
[Round "5"]
[White "Nothnagel, Marian Can"]
[Black "Guth, Wolf Dietrich"]
[Result "1/2-1/2"]
[WhiteElo "1720"]
[BlackElo "1996"]
[PlyCount "76"]
[EventDate "2012.07.05"]
[EventType "swiss"]
[EventRounds "7"]
[EventCountry "GER"]
[SourceTitle "CBM 149 Extra"]
[Source "ChessBase"]
[SourceDate "2012.08.24"]
[SourceVersion "1"]
[SourceVersionDate "2012.08.24"]
[SourceQuality "1"]

1. d4 d5 2. c4 e6 3. Nc3 Nf6 4. cxd5 exd5 5. Bg5 Nbd7 6. e3 c6 7. Bd3 Be7 8. Qc2 Nf8 9. Nf3 Ne6 10. Bh4 g6 11. 0-0 0-0 12. Rab1 Ng7 13. b4 a6 14. a4 Bf5 15. b5 axb5 16. axb5 Ra3 17. Bxf6 Bxf6 18. bxc6 bxc6 19. Rb2 Bxd3 20. Qxd3 c5 21. Qd2 cxd4 22. Nxd4 Ne6 23. Ncb5 Ra4 24. Rb4 Rxb4 25. Qxb4 Qb6 26. Qd2 Rc8 27. Rd1 Rc4 28. Na3 Ra4 29. Nac2 Nxd4 30. Nxd4 Bxd4 31. exd4 Qb3 32. Qe2 h5 33. Qe8+ Kg7 34. Re1 Qc3 35. Qe5+ Kh7 36. Qe7 Ra7 37. Qe3 Qb2 38. h3 Ra1 1/2-1/2

[Event "Karl Mala Memorial op 15th"]
[Site "Frankfurt"]
[Date "2012.07.06"]
[Round "2"]
[White "Guth, Wolf Dietrich"]
[Black "Kersten, Uwe"]
[Result "1/2-1/2"]
[WhiteElo "1996"]
[BlackElo "2331"]
[PlyCount "49"]
[EventDate "2012.07.05"]
[EventType "swiss"]
[EventRounds "7"]
[EventCountry "GER"]
[SourceTitle "CBM 149 Extra"]
[Source "ChessBase"]
[SourceDate "2012.08.24"]
[SourceVersion "1"]
[SourceVersionDate "2012.08.24"]
[SourceQuality "1"]

1. d4 Nf6 2. c4 c5 3. d5 b5 4. cxb5 a6 5. bxa6 g6 6. g3 d6 7. Bg2 Bg7 8. Nf3 Bxa6 9. 0-0 Nbd7 10. h3 0-0 11. Nc3 Nb6 12. Re1 Nfd7 13. Qc2 Bb7 14. e4 Nc4 15. b3 Qa5 16. bxc4 Qxc3 17. Qxc3 Bxc3 18. Rb1 Rfb8 19. Re3 Bb4 20. a3 Ba5 21. Reb3 Ba6 22. Rxb8+ Nxb8 23. Bf1 Nd7 24. Bd2 Bc7 25. Bc3 1/2-1/2

[Event "Rhein Main op-A 15th"]
[Site "Bad Homburg"]
[Date "2012.06.07"]
[Round "3"]
[White "Seidel, Juergen"]
[Black "Guth, Wolf Dietrich"]
[Result "1/2-1/2"]
[WhiteElo "2097"]
[BlackElo "1983"]
[PlyCount "105"]
[EventDate "2012.06.06"]
[EventType "swiss"]
[EventRounds "7"]
[EventCountry "GER"]
[SourceTitle "EXT 2013"]
[Source "ChessBase"]
[SourceDate "2012.11.22"]
[SourceVersion "1"]
[SourceVersionDate "2012.11.22"]
[SourceQuality "1"]

1. Nf3 c5 2. c4 Nc6 3. g3 g6 4. Bg2 Bg7 5. 0-0 Nf6 6. e3 0-0 7. d4 cxd4 8. exd4 d5 9. c5 Ne4 10. Be3 Bg4 11. Qd3 Bxf3 12. Bxf3 e5 13. Bxe4 dxe4 14. Qxe4 f5 15. Qc2 f4 16. d5 Qxd5 17. Nc3 Qe6 18. Bc1 Qh3 19. f3 fxg3 20. hxg3 Qxg3+ 21. Qg2 Qxg2+ 22. Kxg2 Rad8 23. Bg5 Rd3 24. Rad1 Rxd1 25. Rxd1 Nd4 26. Rd3 Rc8 27. b4 Ne6 28. Nd5 Re8 29. Be3 Kf7 30. Nc3 Rd8 31. Rxd8 Nxd8 32. Ne4 Bf6 33. a4 Ke6 34. b5 Be7 35. c6 bxc6 36. Bxa7 cxb5 37. axb5 Kd5 38. Be3 Ne6 39. Kg3 Nd4 40. b6 Nf5+ 41. Kf2 Kc6 42. Bg5 Kxb6 43. Bxe7 Nxe7 44. Nf6 h5 45. Nd7+ Kc6 46. Nxe5+ Kd5 47. Nd3 Ke6 48. Kg3 g5 49. Ne1 Kf5 50. Ng2 Nd5 51. Ne1 Nb4 52. Ng2 Nc2 53. f4 1/2-1/2

[Event "Hessen-chA"]
[Site "Offenbach"]
[Date "2012.04.05"]
[Round "1"]
[White "Benninger, Rudolf"]
[Black "Guth, Wolf Dietrich"]
[Result "1/2-1/2"]
[WhiteElo "2142"]
[BlackElo "1985"]
[PlyCount "59"]
[EventDate "2012.04.05"]
[EventType "swiss"]
[EventRounds "7"]
[EventCountry "GER"]
[SourceTitle "EXT 2013"]
[Source "ChessBase"]
[SourceDate "2012.11.22"]
[SourceVersion "1"]
[SourceVersionDate "2012.11.22"]
[SourceQuality "1"]

1. e4 c5 2. c3 Nf6 3. e5 Nd5 4. Bc4 Qc7 5. Nf3 e6 6. 0-0 Nb6 7. Bb3 c4 8. Bc2 Nc6 9. Qe2 d6 10. exd6 Bxd6 11. b3 cxb3 12. axb3 Ne5 13. Ng5 Ng6 14. g3 Be7 15. d4 Bd7 16. h4 Bc6 17. h5 Nf8 18. Na3 a6 19. c4 h6 20. Ne4 Nh7 21. Bf4 Qd8 22. Rfd1 0-0 23. Nb1 Bg5 24. Bd6 Re8 25. Nbc3 f5 26. Nxg5 Nxg5 27. Be5 Nf3+ 28. Kf1 Nh2+ 29. Kg1 Nf3+ 30. Kf1 1/2-1/2

[Event "Karl Mala Memorial op 14th"]
[Site "Frankfurt"]
[Date "2011.07.10"]
[Round "6"]
[White "Petkidis, Anthony"]
[Black "Guth, Wolf Dietrich"]
[Result "1/2-1/2"]
[WhiteElo "2179"]
[BlackElo "1975"]
[PlyCount "91"]
[EventDate "2011.07.07"]
[EventType "swiss"]
[EventRounds "7"]
[EventCountry "GER"]
[SourceTitle "EXT 2012"]
[Source "ChessBase"]
[SourceDate "2011.11.24"]
[SourceVersion "1"]
[SourceVersionDate "2011.11.24"]
[SourceQuality "1"]

1. d4 d5 2. c4 e6 3. Nc3 Nf6 4. cxd5 exd5 5. Bg5 c6 6. e3 Be7 7. Bd3 Nbd7 8. Qc2 Nf8 9. Nge2 Ne6 10. Bh4 g6 11. 0-0 0-0 12. Rab1 Ng7 13. b4 a6 14. a4 Bf5 15. b5 axb5 16. axb5 Ra3 17. bxc6 bxc6 18. Ra1 Qa5 19. Rxa3 Qxa3 20. Bxf6 Bxf6 21. Bxf5 Nxf5 22. Nb1 Qe7 23. Qxc6 Qe6 24. Rc1 Bg5 25. Qxe6 fxe6 26. f4 Be7 27. Kf2 Rb8 28. Nbc3 Rb3 29. Rb1 Ra3 30. Rb7 Kf8 31. e4 dxe4 32. Nxe4 Ra2 33. N4c3 Rc2 34. Ke1 Ne3 35. g3 h5 36. h3 Bf6 37. Ne4 Be7 38. Kf2 Nd5 39. Kf3 Ra2 40. Nc5 Ra3+ 41. Kf2 Kf7 42. Nd7 h4 43. Ne5+ Kg7 44. Nc6 Kf8 45. Nxe7 Nxe7 46. Rb8+ 1/2-1/2

[Event "Karl Mala Memorial op 14th"]
[Site "Frankfurt"]
[Date "2011.07.09"]
[Round "5"]
[White "Guth, Wolf Dietrich"]
[Black "Koch, Markus"]
[Result "1-0"]
[WhiteElo "1975"]
[BlackElo "2135"]
[PlyCount "59"]
[EventDate "2011.07.07"]
[EventType "swiss"]
[EventRounds "7"]
[EventCountry "GER"]
[SourceTitle "EXT 2012"]
[Source "ChessBase"]
[SourceDate "2011.11.24"]
[SourceVersion "1"]
[SourceVersionDate "2011.11.24"]
[SourceQuality "1"]

1. d4 Nf6 2. c4 e6 3. Nf3 Bb4+ 4. Bd2 Qe7 5. Nc3 b6 6. e3 Bb7 7. Bd3 0-0 8. Qc2 d6 9. e4 e5 10. dxe5 dxe5 11. 0-0 Bxc3 12. Bxc3 Nbd7 13. b4 Nh5 14. Rfe1 Nf4 15. Bf1 f6 16. Nd2 c5 17. Rab1 Rfd8 18. a3 Ne6 19. bxc5 Ndxc5 20. a4 Bc6 21. a5 Qc7 22. Qa2 Na4 23. Rec1 Kh8 24. axb6 axb6 25. Qc2 Nec5 26. f3 Qd6 27. Nb3 Nxc3 28. Qxc3 Ra3 29. Qb4 Nxe4 30. Rd1 1-0

[Event "Rhein Main op-A 14th"]
[Site "Bad Homburg"]
[Date "2011.06.25"]
[Round "5"]
[White "Seehaus, Bernhard"]
[Black "Guth, Wolf Dietrich"]
[Result "1/2-1/2"]
[WhiteElo "2109"]
[BlackElo "1970"]
[PlyCount "72"]
[EventDate "2011.06.22"]
[EventType "swiss"]
[EventRounds "7"]
[EventCountry "GER"]
[SourceTitle "EXT 2012"]
[Source "ChessBase"]
[SourceDate "2011.11.24"]
[SourceVersion "1"]
[SourceVersionDate "2011.11.24"]
[SourceQuality "1"]

1. e4 c5 2. Nf3 Nc6 3. d4 cxd4 4. Nxd4 g6 5. Be3 Nf6 6. Nc3 Bg7 7. Nb3 0-0 8. Be2 d6 9. Qd2 Be6 10. Bh6 Rc8 11. Bxg7 Kxg7 12. h4 h5 13. f3 Qb6 14. 0-0-0 a5 15. Kb1 a4 16. Nxa4 Qa7 17. Bb5 Bc4 18. Nc3 Be6 19. Nd5 Ra8 20. a3 Rfc8 21. c4 Ne5 22. Rc1 b6 23. Nd4 Bd7 24. Nxf6 exf6 25. Rhd1 Bxb5 26. Nxb5 Qa4 27. Nxd6 Nxc4 28. Nxc4 Rxc4 29. Rxc4 Qxc4 30. Qd5 Qe2 31. Rc1 Ra5 32. Qb3 Rb5 33. Qc2 Qe3 34. Qc3 Qf2 35. Rc2 Qxh4 36. b4 Rg5 1/2-1/2

[Event "Karl Mala Memorial op 13th"]
[Site "Frankfurt"]
[Date "2010.07.17"]
[Round "3"]
[White "Guth, Wolf Dietrich"]
[Black "Dyga, Ryszard Adam"]
[Result "1-0"]
[WhiteElo "1958"]
[BlackElo "1591"]
[PlyCount "63"]
[EventDate "2010.07.08"]
[EventType "swiss"]
[EventRounds "7"]
[EventCountry "GER"]
[SourceTitle "EXT 2012"]
[Source "ChessBase"]
[SourceDate "2011.11.24"]
[SourceVersion "1"]
[SourceVersionDate "2011.11.24"]
[SourceQuality "1"]

1. d4 d5 2. c4 c6 3. Nf3 Nf6 4. Nc3 Nbd7 5. e3 Qc7 6. Qb3 e5 7. cxd5 e4 8. Nd2 cxd5 9. Nxd5 Qa5 10. Nc3 Qf5 11. Qb5 Qg6 12. h4 h5 13. Qg5 Bb4 14. Bc4 a6 15. 0-0 b5 16. Qxg6 fxg6 17. Bb3 Bb7 18. a4 Bxc3 19. bxc3 Rc8 20. c4 bxc4 21. Nxc4 Rc6 22. Ba3 Kd8 23. Rab1 Kc7 24. Ne5 Rb6 25. Nxg6 Rh6 26. Nf4 Nh7 27. Rfc1+ Kb8 28. Nd5 Bxd5 29. Bxd5 Nhf6 30. Bd6+ Ka7 31. Rc7+ Kb8 32. Rxd7+ 1-0

[Event "Karl Mala Memorial op 13th"]
[Site "Frankfurt"]
[Date "2010.07.11"]
[Round "7"]
[White "Guth, Wolf Dietrich"]
[Black "Bokemaer, Artur"]
[Result "1/2-1/2"]
[WhiteElo "1958"]
[BlackElo "1609"]
[PlyCount "40"]
[EventDate "2010.07.08"]
[EventType "swiss"]
[EventRounds "7"]
[EventCountry "GER"]
[SourceTitle "EXT 2012"]
[Source "ChessBase"]
[SourceDate "2011.11.24"]
[SourceVersion "1"]
[SourceVersionDate "2011.11.24"]
[SourceQuality "1"]

1. d4 d5 2. c4 c6 3. Nf3 Nf6 4. Nc3 e6 5. Bg5 Nbd7 6. e3 Qa5 7. Bxf6 Nxf6 8. Bd3 Bb4 9. Qb3 dxc4 10. Bxc4 Ne4 11. Rc1 c5 12. 0-0 Bxc3 13. bxc3 0-0 14. Bd3 Nd6 15. Qb1 g6 16. Ne5 a6 17. Qb2 f6 18. Nc4 Nxc4 19. Bxc4 b5 20. Bd3 c4 1/2-1/2

[Event "Karl Mala Memorial op 13th"]
[Site "Frankfurt"]
[Date "2010.07.10"]
[Round "4"]
[White "Donchenko, Alexander"]
[Black "Guth, Wolf Dietrich"]
[Result "1/2-1/2"]
[WhiteElo "2148"]
[BlackElo "1958"]
[PlyCount "36"]
[EventDate "2010.07.08"]
[EventType "swiss"]
[EventRounds "7"]
[EventCountry "GER"]
[SourceTitle "EXT 2012"]
[Source "ChessBase"]
[SourceDate "2011.11.24"]
[SourceVersion "1"]
[SourceVersionDate "2011.11.24"]
[SourceQuality "1"]

1. d4 d5 2. Nf3 Nf6 3. c4 e6 4. Nc3 Nbd7 5. Bg5 Be7 6. e3 c6 7. Be2 0-0 8. 0-0 Ne4 9. Bxe7 Qxe7 10. Qc2 Nxc3 11. Qxc3 Re8 12. Rfd1 dxc4 13. Bxc4 b6 14. Rac1 Bb7 15. Qd3 h6 16. a3 Rad8 17. Ba6 Nc5 18. dxc5 Rxd3 1/2-1/2

[Event "Rhein Main op 13th"]
[Site "Bad Homburg"]
[Date "2010.06.02"]
[Round "1"]
[White "Khenkin, Igor"]
[Black "Guth, Wolf Dietrich"]
[Result "1-0"]
[WhiteElo "2632"]
[BlackElo "1965"]
[PlyCount "79"]
[EventDate "2010.06.02"]
[EventType "swiss"]
[EventRounds "7"]
[EventCountry "GER"]
[SourceTitle "EXT 2011"]
[Source "ChessBase"]
[SourceDate "2010.11.26"]
[SourceVersion "1"]
[SourceVersionDate "2010.11.26"]
[SourceQuality "1"]

1. d4 d5 2. Nf3 Nf6 3. c4 e6 4. Nc3 c6 5. Bg5 Be7 6. e3 Nbd7 7. Qc2 Ne4 8. Bxe7 Qxe7 9. Nxe4 dxe4 10. Qxe4 Qb4+ 11. Nd2 Qxb2 12. Qb1 Qc3 13. Qc1 Qa5 14. Bd3 e5 15. 0-0 exd4 16. exd4 0-0 17. Ne4 f5 18. Nd6 f4 19. c5 Nf6 20. Qxf4 Qc3 21. Bc4+ Kh8 22. Rae1 Bd7 23. Re3 Qc2 24. Bb3 Qg6 25. Rg3 Nd5 26. Qxf8+ Rxf8 27. Rxg6 hxg6 28. Nxb7 Rf4 29. Bxd5 cxd5 30. Rd1 Re4 31. f3 Re2 32. Rc1 Rxa2 33. c6 Bxc6 34. Rxc6 Ra4 35. Nc5 Rxd4 36. Ne6 Rd1+ 37. Kf2 a5 38. Rc8+ Kh7 39. Ng5+ Kh6 40. Nf7+ 1-0

[Event "Rhein Main op 12th"]
[Site "Bad Homburg"]
[Date "2009.06.13"]
[Round "5"]
[White "Herrmann, Matthias"]
[Black "Guth, Wolf Dietrich"]
[Result "0-1"]
[WhiteElo "1563"]
[BlackElo "2011"]
[PlyCount "84"]
[EventDate "2009.06.10"]
[EventType "swiss"]
[EventRounds "7"]
[EventCountry "GER"]
[SourceTitle "CBM 131 Extra"]
[Source "ChessBase"]
[SourceDate "2009.09.03"]
[SourceVersion "2"]
[SourceVersionDate "2009.09.16"]
[SourceQuality "1"]

1. f4 Nf6 2. Nf3 d6 3. e3 g6 4. b3 Bg7 5. Bb2 0-0 6. Be2 a5 7. a4 Na6 8. 0-0 c6 9. Bxa6 Rxa6 10. Na3 Qc7 11. Qe2 Bg4 12. Nc4 Rfa8 13. d4 Ne4 14. Qd3 b5 15. Ncd2 d5 16. Ne5 Bf5 17. g4 Nxd2 18. Qxd2 Be4 19. Nd3 Bxd3 20. Qxd3 b4 21. c4 c5 22. Rac1 Qd7 23. f5 h5 24. h3 Qd6 25. Rf3 dxc4 26. Rxc4 hxg4 27. hxg4 Rc6 28. Qe4 Rac8 29. d5 R6c7 30. Bxg7 Kxg7 31. Rh3 Rh8 32. Rxh8 Kxh8 33. Kg2 Rd7 34. fxg6 fxg6 35. Kf3 Kg7 36. Rc1 Qxd5 37. Rc4 e6 38. Kf4 Rf7+ 39. Kg3 Qd6+ 40. Kh3 Rf8 41. g5 Rh8+ 42. Kg4 Qd1+ 0-1